000 00967nas a2200337 4500
001 BR0103674
003 BR-BrBNA
005 20231205102343.0
007 ta
008 230509b bl.|||p| |||| 00| 00por d
040 _aBR-BrBNA
_bpor
_cBiblioteca Nacional de Agricultura
041 _a(Pt)
072 _aF02
100 1 _aNunes, J.C. de O.
100 1 _aDantas, A.C. de M.
100 1 _aPedrotti, E.L.
100 1 _aOrth, F.I.
100 1 _aGuerra, M.P.
245 1 _aGerminacao de polen in vitro e receptividade do estigma em macieira cvs. Fuji e Golden Delicious
650 _aMaca
650 _aPolinizacao
650 _aGerminacao
650 _aPolen
650 _aVariedade
650 _aCultura in Vitro
650 _aBoro
650 _aSacarose
773 0 _tRevista Brasileira de Fruticultura (Brazil)
_xISSN 0100-2945
_g(Apr 2001), v. 23(1) p. 35-39
_wBR0103674
909 _a202311
_bLúcia
_c55
_dLúcia Elande
942 _2AGRIS
_n0
_cANA
999 _c167137
_d167137